00780nam a2200265 a 4500001001300000003000900013005001700022008004100039020000900080082002100089100001700110245004300127250001400170260003800184300000900222500003500231505002900266650001800295650003200313700001700345902000800362942000700370952012000377999001700497nice12345678IN_TiNIC20260116013505.0050524s1992 luca grp 000 0 urd  ac4000a305.6297054bNAD aNadwi, S A A aHindustani Muslaman Ek Tareekhi Jaaiza a49th ed.  aLucknowbMajlis-E-Tahqeeqatc1992 a240p aincludes index and biblioraphy2 avol.Nos. X and XIII only aMuslims-India aIndia-History Muslim Period1 aNadwi, S A A bSRS cBK 001040708StackRoom-aHMIbHMId2007-03-28g40.00l0o305.6297054 NADp015674r2007-03-28v40.00w2005-05-24yBK c11183d11183